<?xml version="1.0" encoding="UTF-8"?><?xml-stylesheet type="text/xsl" href="static/style.xsl"?><OAI-PMH xmlns="http://www.openarchives.org/OAI/2.0/" xmlns:xsi="http://www.w3.org/2001/XMLSchema-instance" xsi:schemaLocation="http://www.openarchives.org/OAI/2.0/ http://www.openarchives.org/OAI/2.0/OAI-PMH.xsd"><responseDate>2026-04-17T09:25:30Z</responseDate><request verb="GetRecord" identifier="oai:www.recercat.cat:2117/390594" metadataPrefix="marc">https://recercat.cat/oai/request</request><GetRecord><record><header><identifier>oai:recercat.cat:2117/390594</identifier><datestamp>2025-07-17T15:45:20Z</datestamp><setSpec>com_2072_1033</setSpec><setSpec>col_2072_452951</setSpec></header><metadata><record xmlns="http://www.loc.gov/MARC21/slim" xmlns:dcterms="http://purl.org/dc/terms/" xmlns:xsi="http://www.w3.org/2001/XMLSchema-instance" xmlns:doc="http://www.lyncode.com/xoai" xsi:schemaLocation="http://www.loc.gov/MARC21/slim http://www.loc.gov/standards/marcxml/schema/MARC21slim.xsd">
   <leader>00925njm 22002777a 4500</leader>
   <datafield ind2=" " ind1=" " tag="042">
      <subfield code="a">dc</subfield>
   </datafield>
   <datafield ind2=" " ind1=" " tag="720">
      <subfield code="a">Gallego Alcala, Alan</subfield>
      <subfield code="e">author</subfield>
   </datafield>
   <datafield ind2=" " ind1=" " tag="260">
      <subfield code="c">2023-07-11</subfield>
   </datafield>
   <datafield ind2=" " ind1=" " tag="520">
      <subfield code="a">Este trabajo se enfoca en el desarrollo de una herramienta automatizada para optimizar la generación de reportes y la gestión de datos dentro de una empresa. A través de la exploración de los requerimientos y las necesidades de los consultores, se formula un procedimiento con el objetivo de realizar los informes de manera más eficiente y estandarizada, ahorrando tiempo, esfuerzo y aumentando la productividad. El proyecto aborda con determinación la necesidad de automatizar procesos que se han estado realizando manualmente, con el objetivo primordial de mitigar las inconsistencias y los desafíos inherentes a este enfoque convencional. En la búsqueda por la herramienta más adecuada para ejecutar dicha automatización, se ha encontrado en el tándem de Visual Basic para Aplicaciones (VBA) y Excel una solución óptima, la cual destaca por su flexibilidad, simplicidad de mantenimiento, y su aptitud para interactuar de manera sencilla con cualquier base de datos extraída de SAP. Este estudio también detalla el uso de herramientas y funciones específicas en VBA y Excel, proporcionando una exhaustiva guía de usuario para garantizar una utilización adecuada y eficaz del sistema. Los resultados evidencian un incremento significativo en la productividad, tanto del consultor, como del programador. Asimismo, se señalan las limitaciones actuales del sistema y se proponen mejoras para futuras iteraciones. En resumen, este trabajo proporciona una solución integral para optimizar los procesos de generación de informes y gestión de datos, utilizando la programación en VBA y Excel y presentando una guía detallada para su correcta implementación y uso</subfield>
   </datafield>
   <datafield tag="653" ind2=" " ind1=" ">
      <subfield code="a">Àrees temàtiques de la UPC::Informàtica::Sistemes d'informació::Emmagatzematge i recuperació de la informació</subfield>
   </datafield>
   <datafield tag="653" ind2=" " ind1=" ">
      <subfield code="a">Àrees temàtiques de la UPC::Economia i organització d'empreses::Gestió del coneixement::Sistemes d'informació</subfield>
   </datafield>
   <datafield tag="653" ind2=" " ind1=" ">
      <subfield code="a">Macro instructions (Electronic computers) -- Software</subfield>
   </datafield>
   <datafield tag="653" ind2=" " ind1=" ">
      <subfield code="a">Management information systems -- Design and construction</subfield>
   </datafield>
   <datafield tag="653" ind2=" " ind1=" ">
      <subfield code="a">Macroinstrucció (Ordinadors) -- Programari</subfield>
   </datafield>
   <datafield tag="653" ind2=" " ind1=" ">
      <subfield code="a">Sistemes d'informació per a la gestió -- Disseny i construcció</subfield>
   </datafield>
   <datafield ind2="0" ind1="0" tag="245">
      <subfield code="a">Automatització de processos software per a la millora de la gestió empresarial</subfield>
   </datafield>
</record></metadata></record></GetRecord></OAI-PMH>